000
00213nam a22000857a 4500
008
170104b xxu||||| |||| 00| 0 eng d
100
_9
2272
_a
Vijaya
245
_a
General Knowledge Time-1
260
_a
New Delhi
_b
GBP
_c
2010
999
_c
5159
_d
5159